Estadísticas para Países más Frágiles que no están en África

Haz click aquí para intentar la prueba.

Estadísticas generales

  • Esta prueba ha sido intentada 1.716 veces
  • La puntuación promedio es 13 de 20

Estadísticas de respuestas

#PuntajePaís% Correcto
6110.8Siria
82%
11104.7Irak
81%
9107.9Afganistán
79%
10105.1Haití
78%
14101.7Pakistán
77%
4786.9Irán
75%
5584.4Laos
71%
4111.5Yemen
71%
3093.9Corea del Norte
70%
3690.7Bangladés
69%
4687.4Camboya
68%
3391.2Nepal
67%
2696.3Myanmar
65%
4089.6Líbano
62%
4387.7Sri Lanka
56%
5484.7Filipinas
51%
5883.8Tayikistán
51%
3590.8Timor Oriental
51%
5086.2Papua Nueva Guinea
49%
5285.3Islas Salomón
26%

Distribución de puntuación

Porcentaje por número respondido

Porcentaje de gente con cada puntuación

Historial de tus puntuaciones

No has intentado esta prueba.